Survey of research in demography (Record no. 21950)

MARC details
000 -LEADER
fixed length control field 00389nam a2200157Ia 4500
082 ## - DEWEY DECIMAL CLASSIFICATION NUMBER
Classification number 304.6072 DES-S
100 ## - MAIN ENTRY--AUTHOR NAME
Personal name Desai, P.B;
245 #0 - TITLE STATEMENT
Title Survey of research in demography
260 ## - PUBLICATION, DISTRIBUTION, ETC. (IMPRINT)
Place of publication Bombay
Name of publisher Popular Prakashan
Year of publication 1975
300 ## - PHYSICAL DESCRIPTION
Number of Pages 440p.
504 ## - BIBLIOGRAPHY, ETC. NOTE
Bibliography, etc Includes index
650 ## - SUBJECT ADDED ENTRY--TOPICAL TERM
Topical Term Social surveys
650 ## - SUBJECT ADDED ENTRY--TOPICAL TERM
Topical Term Demography
650 ## - SUBJECT ADDED ENTRY--TOPICAL TERM
Topical Term Social sciences - Research
942 ## - ADDED ENTRY ELEMENTS (KOHA)
Koha item type Books
Source of classification or shelving scheme Dewey Decimal Classification
Holdings
Withdrawn status Lost status Damaged status Not for loan Home library Current library Date acquired Full call number Accession Number Price effective from Koha item type Bill Date
        NASSDOC Library NASSDOC Library 08/06/2004 304.6072 DES-S 7654 18/04/2019 Books  
        NASSDOC Library NASSDOC Library 08/06/2004 304.6072 DES-S 16420 18/04/2019 Books 2004-10-22